Songs from Billy Elliot Quiz Stats

Quiz not verified by Sporcle

Challenge
Share
Tweet
Embed
Score 0/14 Timer 05:00
0 Plays Today
% Correct
Electricity
95.6%
Solidarity
84.4%
The Letter
81.9%
Merry Christmas Maggie Thatcher
75.6%
Expressing Yourself
74.1%
Shine
73.1%
Angry Dance
72.9%
% Correct
Grandma's Song
69.7%
The Stars Look Down
68.2%
Born to Boogie
64.3%
Once We Were Kings
62.3%
The Letter-Reprise
61.4%
He Could Be a Star
59.4%
Deep into the Ground
56%

You're not logged in!

Compare scores with friends on all Sporcle quizzes.
Sign Up with Email
OR
Log In

You Might Also Like...

Show Comments

Extras

Top Quizzes Today


Score Distribution

Your Account Isn't Verified!

In order to create a playlist on Sporcle, you need to verify the email address you used during registration. Go to your Sporcle Settings to finish the process.